Ortografía racional y ortografía empírica /

Guardado en:
Detalles Bibliográficos
Autor principal: Valenzuela Rodarte, Alberto (autor)
Formato: Libro
Idioma:Español
Publicado: México : Jus, 1956, c1956
Etiquetas: Agrega una etiqueta
Sin etiquetas, Sé el primero en etiquetar este registro!

MARC

LEADER 00000nam^a2200000^a^4500
001 000625768
005 20260220000000.0
009 20260310134022.039
037 |a Acervo ITESO - Biblioteca 
041 |a ESP 
091 |a FOB. 03637 
100 |a Valenzuela Rodarte, Alberto  |e (autor) 
245 1 0 |a Ortografía racional y ortografía empírica / 
264 4 |a México :  |b Jus,  |c 1956, c1956 
300 |a 91 p. 
336 |a texto  |b txt  |2 rdacontenido 
337 |a sin mediación  |b n  |2 rdamedio 
338 |a volumen  |b nc  |2 rdasoporte 
649 |a XX 
910 |a Fondo Carlos de Obeso Orendain 
920 |a Impresos - Libros 
930 |a Fondos Especiales 
905 |a 147 
901 |a 625768-10  |b IT2  |c ESP  |i D85333  |u 20251210 
902 |a https://opac.biblio.iteso.mx/vufind/Record/000625768